<?xml version="1.0" encoding="UTF-8"?>
<record
    xmlns:xsi="http://www.w3.org/2001/XMLSchema-instance"
    xsi:schemaLocation="http://www.loc.gov/MARC21/slim http://www.loc.gov/standards/marcxml/schema/MARC21slim.xsd"
    xmlns="http://www.loc.gov/MARC21/slim">

  <leader>00562nam a22001457a 4500</leader>
  <controlfield tag="008">211101b           ||||| |||| 00| 0 eng d</controlfield>
  <datafield tag="020" ind1=" " ind2=" ">
    <subfield code="a">9781628371727 </subfield>
  </datafield>
  <datafield tag="050" ind1=" " ind2=" ">
    <subfield code="a"> N8023 </subfield>
    <subfield code="b">.A78 2017</subfield>
  </datafield>
  <datafield tag="245" ind1=" " ind2=" ">
    <subfield code="a">The art of visual exegesis : </subfield>
    <subfield code="b">rhetoric, texts, images / </subfield>
    <subfield code="c">edited by Vernon K. Robbins, Walter S. Melion, and Roy R. Jeal.</subfield>
  </datafield>
  <datafield tag="260" ind1=" " ind2=" ">
    <subfield code="a">Atlanta : </subfield>
    <subfield code="b">SBL Press, </subfield>
    <subfield code="c">2017</subfield>
  </datafield>
  <datafield tag="300" ind1=" " ind2=" ">
    <subfield code="a">xix, 511 pages : </subfield>
    <subfield code="b">illustrations ; </subfield>
    <subfield code="c">23 cm.</subfield>
  </datafield>
  <datafield tag="500" ind1=" " ind2=" ">
    <subfield code="a">Includes bibliographical references (pages 441-486) and index.</subfield>
  </datafield>
  <datafield tag="650" ind1=" " ind2=" ">
    <subfield code="a"> Bible </subfield>
    <subfield code="x">Illustrations.</subfield>
  </datafield>
  <datafield tag="942" ind1=" " ind2=" ">
    <subfield code="2">lcc</subfield>
    <subfield code="c">BK</subfield>
  </datafield>
  <datafield tag="999" ind1=" " ind2=" ">
    <subfield code="c">57101</subfield>
    <subfield code="d">57101</subfield>
  </datafield>
  <datafield tag="952" ind1=" " ind2=" ">
    <subfield code="0">0</subfield>
    <subfield code="1">0</subfield>
    <subfield code="2">lcc</subfield>
    <subfield code="4">0</subfield>
    <subfield code="7">0</subfield>
    <subfield code="8">NFIC</subfield>
    <subfield code="a">JTSOT</subfield>
    <subfield code="b">JTSOT</subfield>
    <subfield code="c">GEN</subfield>
    <subfield code="d">2021-11-01</subfield>
    <subfield code="e">Donation-TBN</subfield>
    <subfield code="g">5200.00</subfield>
    <subfield code="o"> N8023   .A78 2017</subfield>
    <subfield code="p">067338</subfield>
    <subfield code="t">1</subfield>
    <subfield code="w">2021-11-01</subfield>
    <subfield code="y">BK</subfield>
  </datafield>
</record>
